000 00989nam a2200289 4500
001 0000012820
003 CO-CtgCURN
005 20250429224127.0
007 ta
008 160627s2003 000 0 eng d
020 _a9789682469350
040 _aCO-CtgCURN
_bspa
_ccoctgcurn
082 0 _a382.9
_bV115
100 1 _aVillagrasa, Jesus.
245 1 0 _aGlobalizacion ·un mundo mejor? /
_cJesus Villagrasa.
260 _aMexico :
_bTrillas,
_c2003.
300 _a110 p.
336 _2rdacontent
337 _2rdamedia
_asin mediacion
_bn
338 _2rdacarrier
_avolumen
_bnc
504 _aIncluye indice y bibliografia (p. 101-102)
505 8 _aEl fenomeno de la globalizacion.--La globalizacion economica.--Globalizacion y política.--Globalizacion cultural.--La familia humana construye la aldea global
650 1 4 _aComercio exterior.
908 _a160627
942 _cBK
_h382.9
_iV115
_2ddc
999 _c39900
_d39900